000 00590nam a2200133 a 4500
008 080916s2003 ||||||||||||||||| || u
050 _aTHESIS/STUDENT
100 _aNgulube, Abigail
245 1 0 _aBasiye Centre: home for the underprivileged
260 _aKitwe
_bCopperbelt University, School of Built Environment, Department of Architecture
_c2003
350 _a0.00
650 _aARCHITECTURAL DESIGN--EVALUATION
995 _D0.00
_FCBU-MAIN LIBRARY (Kitwe)
_H1
_I0.00
_M1
_UAVAILABLE
_WSep 16, 2008
_ZUniversity Collection
999 _c35648
_d35648